Fr. Conceicao Rodrigues College of Engineering

Mobile communications (Record no. 18724)

MARC details
000 -LEADER
fixed length control field 00367nam a2200169Ia 4500
082 ## - DEWEY DECIMAL CLASSIFICATION NUMBER
Classification number 621.382
Item number SCH
100 ## - MAIN ENTRY--PERSONAL NAME
Personal name Schiller/ Jochen
250 ## - EDITION STATEMENT
Edition statement 2
245 ## - TITLE STATEMENT
Title Mobile communications
260 ## - PUBLICATION, DISTRIBUTION, ETC.
Name of publisher, distributor, etc. Pearson Eduation
Date of publication, distribution, etc. 2009
366 ## - TRADE AVAILABILITY INFORMATION
Publishers's discount category 25
300 ## - PHYSICAL DESCRIPTION
Extent 492
546 ## - LANGUAGE NOTE
Language note ENGLISH
-- Computers
650 ## - SUBJECT ADDED ENTRY--TOPICAL TERM
Topical term or geographic name entry element Mobile communications
654 ## - SUBJECT ADDED ENTRY--FACETED TOPICAL TERMS
Focus term mobile
942 ## - ADDED ENTRY ELEMENTS (KOHA)
Koha item type BOOK
Holdings
Withdrawn status Lost status Damaged status Not for loan Collection Home library Current library Date acquired Source of acquisition Cost, normal purchase price Inventory number Total Checkouts Full call number Barcode Date last seen Date last checked out Cost, replacement price Price effective from Koha item type
        CRC Fr. Agnel's C.Rodrigues College of Engineering AGNEL TECHNICAL COLLEGE LIBRARY 17/03/2023 Allied Publishers 562.50 1550 dt 03.03.2016 1 621.382 SCH 24070 30/09/2023 12/06/2023 750.00   BOOK
        CRC Fr. Agnel's C.Rodrigues College of Engineering Fr. Agnel's C.Rodrigues College of Engineering 17/03/2023 Allied Publishers 562.50 1550 dt 03.03.2016 1 621.382 SCH 24071 22/07/2024 04/01/2024 750.00   BOOK
        CRC Fr. Agnel's C.Rodrigues College of Engineering Fr. Agnel's C.Rodrigues- College of Engineering 17/03/2023 Allied Publishers 562.50 1550 dt 03.03.2016 1 621.382 SCH 24072 02/09/2023 12/06/2023 750.00   BOOK